<?xml version="1.0" encoding="UTF-8"?>
<record
    xmlns:xsi="http://www.w3.org/2001/XMLSchema-instance"
    xsi:schemaLocation="http://www.loc.gov/MARC21/slim http://www.loc.gov/standards/marcxml/schema/MARC21slim.xsd"
    xmlns="http://www.loc.gov/MARC21/slim">

  <leader>01853    a2200229   4500</leader>
  <controlfield tag="001">54342</controlfield>
  <controlfield tag="005">20260407155815.0</controlfield>
  <controlfield tag="008">260407a1973    arg                 spa d</controlfield>
  <controlfield tag="003">AR-UNSa-BCEJYS</controlfield>
  <datafield tag="040" ind1=" " ind2=" ">
    <subfield code="a">AR-UNSa-BCEJYS</subfield>
    <subfield code="b">spa</subfield>
    <subfield code="c">AR-UNSa-BCEJYS</subfield>
  </datafield>
  <datafield tag="080" ind1=" " ind2=" ">
    <subfield code="a">330</subfield>
    <subfield code="x">Econom&#xED;a en general</subfield>
  </datafield>
  <datafield tag="245" ind1="1" ind2="0">
    <subfield code="a">Curso medio de econom&#xED;a</subfield>
  </datafield>
  <datafield tag="020" ind1=" " ind2=" ">
    <subfield code="a">84-344-1967-X</subfield>
  </datafield>
  <datafield tag="250" ind1=" " ind2=" ">
    <subfield code="a">2a. ed.</subfield>
  </datafield>
  <datafield tag="264" ind1=" " ind2="1">
    <subfield code="a">Barcelona :</subfield>
    <subfield code="b">Ariel</subfield>
    <subfield code="c">1973</subfield>
  </datafield>
  <datafield tag="300" ind1=" " ind2=" ">
    <subfield code="a">xii, 546 p.</subfield>
    <subfield code="c">21 cm.</subfield>
  </datafield>
  <datafield tag="505" ind1=" " ind2=" ">
    <subfield code="a">Parte 1: Introducci&#xF3;n - I. Objeto de la econom&#xED;a - Parte 2: El mecanismo de los precios - II. Los precios en el mercado libre - Parte 3: La demanda - III. Ampliaciones sobre la demanda - Parte 4: La oferta - IV. La oferta: Reuni&#xF3;n de los factores de producci&#xF3;n - V. La oferta: Decisi&#xF3;n en torno del output m&#xE1;s rentable - VI. La curva de oferta de la industria - Parte 5: Remuneraci&#xF3;n de los factores de producci&#xF3;n - VII. Determinaci&#xF3;n del precio de los factores - VIII. Trabajo y salarios - IX. Capital e intereses - X. Tierra y renta - XI. Funci&#xF3;n empresarial y beneficio - Parte 6: El dinero,los bancos y las finanzas p&#xFA;blicas - XII. El dinero y el tipo de inter&#xE9;s - XIII. Bancos comerciales - XIV. El banco de Inglaterra - XV. Finanzas p&#xFA;blicas - Parte 7: La renta nacional - XVI. La renta nacional - Parte 8: El pleno empleo - XVII. Naturaleza y causas del desempleo - XVIII. El empleo y la movilidad del trabajo - XIX. Fluctuaciones c&#xED;clicas de la renta y del empleo - Parte 9: El comercio internacional - XX. Naturaleza del comercio internacional - XXI. La balanza de pagos - XXII. Los tipos de cambio - XXIII. Correcci&#xF3;n de los desequilibrios de la balanza de pagos - Parte 10: Problemas econ&#xF3;micos corrientes - XXIV. Problemas econ&#xF3;micos corrientes </subfield>
  </datafield>
  <datafield tag="041" ind1=" " ind2=" ">
    <subfield code="a">spa</subfield>
  </datafield>
  <datafield tag="942" ind1=" " ind2=" ">
    <subfield code="c">BK</subfield>
  </datafield>
  <datafield tag="590" ind1=" " ind2=" ">
    <subfield code="a">niveau_biblio:m niveau_hierar:0</subfield>
  </datafield>
  <datafield tag="100" ind1="1" ind2=" ">
    <subfield code="a">Harvey, Jack</subfield>
  </datafield>
  <datafield tag="999" ind1=" " ind2=" ">
    <subfield code="c">5504</subfield>
    <subfield code="d">5504</subfield>
  </datafield>
  <datafield tag="952" ind1=" " ind2=" ">
    <subfield code="0">0</subfield>
    <subfield code="1">0</subfield>
    <subfield code="4">0</subfield>
    <subfield code="7">0</subfield>
    <subfield code="a">BCEJYS</subfield>
    <subfield code="b">BCEJYS</subfield>
    <subfield code="c">16</subfield>
    <subfield code="d">2026-04-07</subfield>
    <subfield code="l">0</subfield>
    <subfield code="o">330 H339 2ed.</subfield>
    <subfield code="p">L39350</subfield>
    <subfield code="r">2026-04-07 15:58:15</subfield>
    <subfield code="w">2026-04-07</subfield>
    <subfield code="y">L</subfield>
  </datafield>
</record>
